La chartreuse de Parme
Guardado en:
| Hovedforfatter: | |
|---|---|
| Format: | Bog |
| Sprog: | Undetermined |
| Udgivet: |
Bélgica
CLE International
1996
|
| Fag: | |
| Tags: |
Tilføj Tag
Ingen Tags, Vær først til at tagge denne postø!
|
MARC
| LEADER | 00000nam a2200000Ia 4500 | ||
|---|---|---|---|
| 008 | 170316s9999 xx 000 0 und d | ||
| 040 | |a cru BVZT | ||
| 090 | |a 840 S-20c | ||
| 100 | |a Stendhal | ||
| 245 | |a La chartreuse de Parme | ||
| 260 | |a Bélgica | ||
| 260 | |b CLE International | ||
| 260 | |c 1996 | ||
| 300 | |a 64 páginas | ||
| 650 | |a LITERATURA FRANCESA | ||
| 650 | |a LECTURES CLE EN FRANÇAIS FACILE (LECTURA FÁCIL) | ||
| 999 | |c 7995 |d 7995 | ||
| 942 | |c 15 D |h 840 S-20c |2 z | ||
